| 000 | 00575nam a2200193Ia 4500 | ||
|---|---|---|---|
| 005 | 20250508170302.0 | ||
| 008 | 008 250505s9999 xx 000 0 hin d | ||
| 037 | _aTheses | ||
| 040 |
_aFEDL _beng _cFEDL |
||
| 041 |
_ahin _2eng |
||
| 084 |
_a378.54, JAI/TH _qFEDL |
||
| 100 |
_aJainbhadur _9783754 |
||
| 245 | 0 | _aUchch shiksha mein anye pichhade verg ke vidyarthiyon ke shaikshik anubhavon ka adhyayan | |
| 260 | _c2024 | ||
| 300 | _aix, 360p. | ||
| 546 | _aPh.D.Thesis (Delhi University) | ||
| 942 |
_cTH _h378.54, JAI/TH |
||
| 999 |
_c1400208 _d1400208 |
||